Most Googled Countries Quiz Stats

 Plays Quiz not verified by Sporcle

Also try: 9-Letter US States
Challenge
Share
Tweet
Embed
Score 0/50 Timer 10:00
0 Plays Today
Search Volume Index Country % Correct
63United States
99.2%
71China
95%
78Japan
91.7%
45United Kingdom
89.2%
49Italy
87.5%
44Germany
86.7%
83Mexico
85%
60France
85%
64Spain
84.2%
77Canada
83.3%
57Brazil
83.3%
85India
82.5%
75Australia
80%
71Sweden
76.7%
46South Africa
75.8%
72Egypt
75%
66New Zealand
74.2%
49Portugal
73.3%
42Ireland
70.8%
75Peru
65%
58Switzerland
65%
53Pakistan
65%
76Colombia
64.2%
73Cuba
63.3%
58Saudi Arabia
62.5%
Search Volume Index Country % Correct
56Venezuela
61.7%
72Belgium
60.8%
50Ukraine
60.8%
48Vietnam
60%
41Afghanistan
60%
52Thailand
59.2%
48Morocco
59.2%
42Panama
51.7%
88Singapore
50.8%
78Malaysia
50%
54Kenya
48.3%
88Luxembourg
45.8%
59Ecuador
45.8%
44Bangladesh
45%
64Nepal
44.2%
48Monaco
42.5%
63The Bahamas
37.5%
40Serbia
37.5%
70Bulgaria
33.3%
57San Marino
33.3%
42Andorra
33.3%
77El Salvador
26.7%
71Georgia
26.7%
50Samoa
20.8%
52Senegal
17.5%

You're not logged in!

Compare scores with friends on all Sporcle quizzes.
Join for Free
OR
Log In

You Might Also Like...

Show Comments

Extras

Created Jun 17, 2016SourceReportNominate
Tags:Country Quiz, google

Top Quizzes Today


Score Distribution

Your Account Isn't Verified!

In order to create a playlist on Sporcle, you need to verify the email address you used during registration. Go to your Sporcle Settings to finish the process.

Report this User

Report this user for behavior that violates our Community Guidelines.

Details: